| 000 | 00411nam a22001457a 4500 | ||
|---|---|---|---|
| 008 | 151006b xxu||||| |||| 00| 0 eng d | ||
| 020 | _a9780414047877 | ||
| 082 | _a346.078 GOO | ||
| 100 | _aGoode, Roy | ||
| 245 |
_aPrinciples of corporate insolvency law / _cRoy Goode |
||
| 260 |
_aLondon : _bSweet and Maxwell , _cc 2011 |
||
| 300 |
_acvi, 835p. : _bill. _c24cm. |
||
| 500 | _aIncludes index | ||
| 942 |
_2ddc _cBK |
||
| 999 |
_c8418 _d8418 |
||